00359nam a2200145Ia 4500008004100000040001400041082001100055100001700066245002800083260001100111365002700122366000800149630002800157730002800185100315s9999 xx 000 0 und d cENGLISH  b3484  a"Kale, N G " aInternational Marketing c1997  eRupees d1 b85.00  f0  aInternational Marketing aInternational Marketing